00568nam a22001697b 4500003000500000005001700005008004100022020003000063040002800093041001200121082001300133100002500146245006900171260008000240300004500320700003300365322820260323155347.0250925b sa ||||| |||| 00| 0 eng d a9780190424688 (paperback) aMPLbEnglishc3228eRDA aEnglish 0aEKF FOWL aFowler, MayaeAuthor aWhat Tebogo sees /cMaya Fowler and Johann Strauss (illustrator) aCape Town :bOxford University Press Southern Africa (Pty) Limited ;c2017. a12 pages :bcol, illustrations ;c21 cm. aStrauss, JohanneIllustrator